Normal view MARC view
  • Corona, Pascuala,

Entry Nombre Personal

Number of records used in: 9

001 - NUMERO DE CONTROL

  • campo de control: 40164

003 - IDENTIFICADOR DE NUMERO DE CONTROL

  • campo de control: UPN

005 - FECHA Y HORA DE LA ÜLTIMA TRANSACCIÓN

  • campo de control: 20210219194553.0

008 - DATOS DE LONGITUD FIJA

  • campo de control de longitud fija: nabaccnnaabn|||||||||| b |nc|||||d

035 ## - NUMERO DE CONTROL

  • Número de control: UPN11000012271

040 ## - FUENTE DE CATALOGACIÓN

  • Lenguaje de catalogación: SPA
  • Agencia de transcripción: UPN

100 1# - ENCABEZAMIENTO - NOMBRE PERSONAL

  • Nombre personal: Corona, Pascuala,
  • Fechas asociadas con el nombre: 1917-2015

670 ## - FUENTE EN LA QUE SE LOCALIZARON DATOS

  • Cita de la fuente: T
  • Uniform Resource Identifier: http://www.literatura.bellasartes.gob.mx/acervos/index.php/catalogo-biobibliografico/fechas-extremas/1750-castello-yturbide-teresa-pascuala-corona

680 ## - NOTA PUBLICA DE ACCESO PÚBLICO

  • Frase explicativa de la referencia: Narradora. Estudió en la Escuela Nacional de Arte “La Esmeralda”. Recopiladora de relatos mexicanos populares. Realizó diversas investigaciones sobre cultura popular, artesanía y vestido de los pueblos originarios de México

902 ## - CATALOGADOR

  • Catalogador: EMR/110517